Normal view
MARC view
- Advisor DR. FAHAD MUMTAZ MALIK
Entry Personal Name
001 - CONTROL NUMBER
- control field: 69478
003 - CONTROL NUMBER IDENTIFIER
- control field: NUST
005 - DATE AND TIME OF LATEST TRANSACTION
- control field: 20210628204233.0
008 - FIXED-LENGTH DATA ELEMENTS
- fixed length control field: 210628|| aca||aabn | a|a d
040 ## - CATALOGING SOURCE
- Original cataloging agency: NUST
- Transcribing agency: NUST
100 ## - HEADING--PERSONAL NAME
- Personal name: Advisor DR. FAHAD MUMTAZ MALIK
670 ## - SOURCE DATA FOUND
- Source citation: Work cat.: (NUST): WAQAS AHMED 13741, TH-SOF-1548-COMPARATIVE ANALYSIS OF SAMPLE DATA OBSERERS FOR NONLINEAR SYSTEMS, 2018
